[Event "Olimpiade 2018 - Open"]
[Site "Batumi"]
[Date "01.10.2018"]
[Round "7.21"]
[Board "3"]
[White "Draskovic, Luka"]
[Black "Simutowe, Musatwe"]
[Result "1-0"]
[WhiteTitle "IM"]
[BlackTitle "CM"]
[WhiteElo "2449"]
[BlackElo "2208"]
[WhiteTeam "Montenegro"]
[BlackTeam "Zambia"]
[WhiteFideId "944335"]
[BlackFideId "8700389"]
[EventDate "2018.09.24"]

1. c4 c6 2. e4 d5 3. cxd5 cxd5 4. exd5 Nf6 5. Nc3 Nxd5 6. Nf3 e6 7. d4 Be7 8.
Bd3 Nc6 9. O-O O-O 10. Re1 Nf6 11. Bg5 b6 12. Rc1 Bb7 13. Bb1 Rc8 14. a3 Re8 15.
Qd3 g6 16. Ba2 Nd5 17. Bxe7 Ncxe7 18. Ne4 Rxc1 19. Rxc1 Nf5 20. Bxd5 Bxd5 21. h3
Kg7 22. Qe2 Qb8 23. Ned2 Rc8 24. Rc3 Kg8 25. g4 Nd6 26. Ne5 Qb7 27. Qe3 Nb5 28.
Rxc8+ Qxc8 29. a4 Nd6 30. Qc3 Qb7 31. g5 Nf5 32. Ng4 Kg7 33. Nf1 Qb8 34. Ne5 Qd8
35. f4 Bb7 36. d5 Qxd5 37. Nxg6+ Nd4 38. Nh4 Kg8 39. Ng3 Bc6 40. Kf2 Kf8 41. a5
bxa5 42. Qa3+ Ke8 43. Nh5 Qc4 44. Nf6+ Kd8 45. Qxa5+ Kc8 46. Qd2 Kb7 47. Ng4 Nb3
48. Qe3 Nc5 49. Ne5 Qc2+ 50. Kg3 Bd5 51. Nhf3 Ne4+ 52. Kh4 Qxb2 53. Nxf7 a5 54.
Nd8+ Kc8 55. Nxe6 a4 56. Nc5 a3 57. Nxe4 Bxe4 58. Qxe4 a2 59. Qa8+ Kc7 60. Qa7+
Kd6 61. Ne5 a1=Q 62. Qd7+ Kc5 63. Nd3+ Kb6 64. Qd6+ Kb7 65. Nxb2 Qxb2 66. Qe7+
Kc6 67. Qf6+ 1-0

[Event "Olimpiade 2018 - Open"]
[Site "Batumi"]
[Date "01.10.2018"]
[Round "7.26"]
[Board "1"]
[White "Wiedenkeller, Michael"]
[Black "Kasimdzhanov, Rustam"]
[Result "0-1"]
[WhiteTitle "IM"]
[BlackTitle "GM"]
[WhiteElo "2464"]
[BlackElo "2662"]
[WhiteTeam "Luxembourg"]
[BlackTeam "Uzbekistan"]
[WhiteFideId "1700146"]
[BlackFideId "14200244"]
[EventDate "2018.09.24"]

1. d4 Nf6 2. c4 e6 3. Nc3 Bb4 4. e3 O-O 5. Ne2 Re8 6. a3 Bf8 7. d5 a5 8. Ng3 Na6
9. Be2 exd5 10. cxd5 Nc5 11. b3 c6 12. O-O b5 13. Bf3 Ra6 14. Bb2 b4 15. axb4
axb4 16. Nce2 Rxa1 17. Bxa1 Nxd5 18. Bxd5 cxd5 19. Nf4 d4 20. Bxd4 Ne6 21. Nd5
Bb7 22. Ba1 Qg5 23. Nb6 d5 24. Nd7 Bd6 25. f4 Qd8 26. Qg4 d4 27. Nh5 f5 28.
Nhf6+ Kh8 29. Qxf5 gxf6 30. Nxf6 Re7 31. Nxh7 Rg7 32. Ng5 Nxg5 33. Bxd4 Nh7 34.
Rd1 Qe7 35. Qg6 Qxe3+ 36. Kh1 Qxd4 37. Qe8+ Bf8 0-1

[Event "Olimpiade 2018 - Open"]
[Site "Batumi"]
[Date "01.10.2018"]
[Round "7.26"]
[Board "2"]
[White "Yakubboev, Nodirbek"]
[Black "Linster, Philippe"]
[Result "1-0"]
[WhiteTitle "IM"]
[WhiteElo "2521"]
[BlackElo "2273"]
[WhiteTeam "Uzbekistan"]
[BlackTeam "Luxembourg"]
[WhiteFideId "14203987"]
[BlackFideId "4001206"]
[EventDate "2018.09.24"]

1. d4 Nf6 2. c4 e6 3. Nc3 Bb4 4. Qc2 O-O 5. Bg5 c5 6. dxc5 Na6 7. e3 Nxc5 8. Ne2
d5 9. O-O-O h6 10. Bh4 g5 11. Bg3 Nce4 12. Nxe4 Nxe4 13. f3 Nxg3 14. hxg3 Qf6
15. Nc3 Bxc3 16. Qxc3 Qxc3+ 17. bxc3 Kg7 18. cxd5 exd5 19. Rxd5 Be6 20. Ra5 b6
21. Ra4 Rac8 22. Kb2 Rc7 23. Rd4 b5 24. Bd3 Rfc8 25. Rc1 Rc5 26. e4 a5 27. a3
Kf6 28. f4 R8c6 29. Rc2 Ke7 30. e5 Bd5 31. Rd2 Rc7 32. f5 a4 33. g4 Bb3 34. Re2
Bd5 35. f6+ Ke8 36. Bf5 Be6 37. Red2 Rc8 38. Bxe6 fxe6 39. Rd7 Rxe5 40. Rh7 Rec5
41. Rdd7 1-0

[Event "Olimpiade 2018 - Open"]
[Site "Batumi"]
[Date "01.10.2018"]
[Round "7.27"]
[Board "4"]
[White "Markoja, Boris"]
[Black "Lee, Jun Wei"]
[Result "0-1"]
[WhiteTitle "IM"]
[BlackTitle "CM"]
[WhiteElo "2456"]
[BlackElo "2134"]
[WhiteTeam "Slovenia"]
[BlackTeam "Singapore"]
[WhiteFideId "14608502"]
[BlackFideId "5804809"]
[EventDate "2018.09.24"]

1. Nf3 d5 2. c4 c6 3. g3 Nf6 4. Bg2 dxc4 5. O-O Nbd7 6. Na3 Nb6 7. Qc2 Be6 8.
Ne5 Qd4 9. Nxc6 bxc6 10. Bxc6+ Nfd7 11. Bxa8 Nxa8 12. d3 Nab6 13. dxc4 Qc5 14.
Be3 Qc6 15. f3 Bh3 16. Rfd1 e6 17. c5 Bf5 18. Qc1 Nd5 19. Bf2 Bg6 20. Qc4 Be7
21. Qb5 Qc7 22. e4 Nf6 23. b4 O-O 24. Qe2 Qb7 25. Nc2 Ne5 26. Nd4 Qxb4 27. Rab1
Qa4 28. Rdc1 Qa3 29. Be3 Nd3 30. Rc2 Nxc5 31. Nb5 Qd3 32. Qxd3 Nxd3 33. Rc7 Re8
34. Rxa7 Ne5 35. Rf1 Nc4 36. Bd4 e5 37. Rc7 Nd2 38. Rf2 Ndxe4 39. fxe4 exd4 40.
e5 Ne4 41. Rf3 h5 42. h4 Bc5 43. Kh2 Rxe5 44. a4 Nd2 45. Rf2 Nb3 46. Ra2 d3 47.
Nc3 Bd4 0-1

[Event "Olimpiade 2018 - Open"]
[Site "Batumi"]
[Date "01.10.2018"]
[Round "7.46"]
[Board "4"]
[White "Lomandong, Marc-Antoine"]
[Black "Munoz Sanchez, Miguel"]
[Result "0-1"]
[BlackTitle "IM"]
[WhiteElo "2035"]
[BlackElo "2254"]
[WhiteTeam "Monaco"]
[BlackTeam "Ecuador"]
[WhiteFideId "5400422"]
[BlackFideId "3600734"]
[EventDate "2018.09.24"]

1. d4 Nf6 2. Nf3 e6 3. b3 c5 4. e3 Nc6 5. Bb2 cxd4 6. exd4 d5 7. Nbd2 Bd6 8. a3
O-O 9. Bd3 a5 10. O-O b6 11. Ne5 Ne7 12. Qe2 Bb7 13. f4 Qc8 14. Rac1 Ba6 15. c4
Qb7 16. Rf3 Rac8 17. Rh3 g6 18. Qf2 Kg7 19. c5 Bb8 20. c6 Qa8 21. Qh4 Bxd3 22.
Nd7 Neg8 23. Rxd3 Nxd7 24. cxd7 Rcd8 25. Nf3 Rxd7 26. Rdc3 Qb7 27. Ne5 Rc7 28.
Rh3 h6 29. Rf1 Rc2 30. Bc1 Qe7 31. Qxe7 Nxe7 32. f5 Nxf5 33. g4 Bxe5 34. dxe5
Rfc8 35. Bf4 g5 36. gxf5 gxf4 37. f6+ Kg6 38. Rh4 Rc1 39. Rxf4 Rxf1+ 40. Kxf1
Rc3 0-1

[Event "Olimpiade 2018 - Open"]
[Site "Batumi"]
[Date "01.10.2018"]
[Round "7.48"]
[Board "4"]
[White "Otawa, Yuto"]
[Black "Ammar, Sedrani"]
[Result "1-0"]
[BlackTitle "FM"]
[WhiteElo "2161"]
[BlackElo "2099"]
[WhiteTeam "Japan"]
[BlackTeam "United Arab Emirates"]
[WhiteFideId "7001762"]
[BlackFideId "9312331"]
[EventDate "2018.09.24"]

1. d4 d5 2. c4 Bf5 3. cxd5 Bxb1 4. Qa4+ c6 5. dxc6 Nxc6 6. Rxb1 Qxd4 7. Qxd4
Nxd4 8. e3 Nc6 9. Nf3 e6 10. Bb5 Rc8 11. O-O Bd6 12. Bd2 Ne7 13. a3 O-O 14. Rfd1
Rfd8 15. Be2 Ne5 16. Bc3 N5g6 17. Rbc1 Nd5 18. Be1 Rxc1 19. Rxc1 Kf8 20. g3 Ke7
21. Nd2 f5 22. e4 fxe4 23. Nxe4 Be5 24. Nc3 Nxc3 25. bxc3 Bd6 26. Rb1 b6 27. a4
Bc5 28. Kg2 a5 29. f4 Nf8 30. Bf2 Bxf2 31. Kxf2 Rd6 32. Ke3 Nd7 33. Bb5 Nf6 34.
Kf3 Rd2 35. Re1 Rc2 36. c4 Rxh2 37. f5 Rc2 38. Rxe6+ Kf7 39. Rxb6 Rc3+ 40. Ke2
Rxg3 41. Rb7+ Kf8 42. c5 Rc3 43. c6 Ne8 44. Kd2 Rc5 45. Kd3 Rd5+ 46. Kc4 Rd8 47.
Rd7 Rxd7 48. cxd7 Nd6+ 49. Kc5 Nf7 50. Kb6 h5 51. Kxa5 h4 52. Kb6 h3 53. Kc7 h2
54. Bc6 Ke7 55. a5 Nd8 56. Bg2 1-0

[Event "Olimpiade 2018 - Open"]
[Site "Batumi"]
[Date "01.10.2018"]
[Round "7.60"]
[Board "4"]
[White "Elisha, Thabo"]
[Black "Khalid, El Amin"]
[Result "1-0"]
[WhiteElo "2024"]
[BlackElo "2054"]
[WhiteTeam "Zimbabwe"]
[BlackTeam "Sudan"]
[WhiteFideId "11001364"]
[BlackFideId "12200174"]
[EventDate "2018.09.24"]

1. e4 d6 2. Nf3 Nf6 3. Nc3 e5 4. Bc4 Be7 5. d4 Nbd7 6. O-O O-O 7. Qe2 c6 8. Rd1
Qc7 9. a4 b6 10. d5 cxd5 11. Bxd5 Nxd5 12. Nxd5 Qd8 13. b3 Bb7 14. Ba3 Bxd5 15.
Rxd5 Qc7 16. Rad1 Nf6 17. Bxd6 Bxd6 18. Rxd6 Rfe8 19. Qd3 Rac8 20. c4 Qc5 21.
Nh4 Rc6 22. Rd8 Re6 23. Nf5 g6 24. Ne3 Kg7 25. Rxe8 Rxe8 26. Nd5 Nd7 27. Nc7 Re7
28. Nd5 Re6 29. Nc7 Re7 30. Na6 Qa3 31. Qc3 f6 32. h4 h5 33. Rd3 Nf8 34. Nb4 Ne6
35. Nc6 Rc7 36. Nxe5 Nf4 37. Re3 Qa2 38. Kf1 Re7 39. Nf3 Qb1+ 40. Re1 Qd3+ 41.
Qxd3 Nxd3 42. Re3 Nc5 43. Nd2 a5 44. Ke2 Kf7 45. g3 Ke6 46. f4 Kd6 47. Kf3 Ne6
48. Rd3+ Kc5 49. Ke3 Kc6 50. Rd5 Rg7 51. Nf3 Nc5 52. Nd4+ Kb7 53. e5 Re7 54. Kf3
fxe5 55. fxe5 Nd3 56. e6 Nc5 57. Re5 Kc7 58. Re3 Kd6 59. Nb5+ Kc6 60. Nd4+ Kd6
61. Kf4 Nxe6+ 62. Nxe6 Rxe6 63. Rxe6+ Kxe6 64. Ke4 Kd6 65. Kd4 Kc6 66. c5 bxc5+
67. Kc4 Kd6 68. Kb5 Kd5 69. Kxa5 Kd4 1-0

[Event "Olimpiade 2018 - Open"]
[Site "Batumi"]
[Date "01.10.2018"]
[Round "7.64"]
[Board "3"]
[White "Hj, Azahari Md Aliuddin"]
[Black "Pleasants, Allan J"]
[Result "1/2-1/2"]
[WhiteTitle "FM"]
[WhiteElo "1991"]
[BlackElo "2090"]
[WhiteTeam "Brunei"]
[BlackTeam "Wales"]
[WhiteFideId "10500324"]
[BlackFideId "411337"]
[EventDate "2018.09.24"]

1. e4 g6 2. d4 Bg7 3. Nc3 d6 4. Bg5 h6 5. Be3 Nf6 6. h3 Nc6 7. Qd2 e5 8. Nf3
exd4 9. Nxd4 Nxd4 10. Bxd4 O-O 11. O-O-O Re8 12. f3 a6 13. g4 b5 14. h4 Bb7 15.
Be3 d5 16. Nxd5 Nxd5 17. exd5 Qxd5 18. Qxd5 Bxd5 19. Rxd5 Rxe3 20. Bg2 Re2 21.
Rg1 Rae8 22. c3 b4 23. Bf1 Rf2 24. Bc4 bxc3 25. bxc3 Rxf3 26. Bxa6 Rxc3+ 27. Kd2
Ra8 28. Bd3 Rxa2+ 29. Ke3 Ra8 30. h5 g5 31. Rd7 Be5 32. Rf1 Bf4+ 33. Kd4 Rca3
34. Bc4 Rf8 35. Ke4 Ra4 36. Kd4 Raa8 37. Re1 Rad8 38. Re7 Rxd7+ 39. Rxd7 Bd6 40.
Ke4 Re8+ 41. Kf5 Re7 42. Rxe7 Bxe7 43. Bd3 1/2-1/2

[Event "Olimpiade 2018 - Open"]
[Site "Batumi"]
[Date "01.10.2018"]
[Round "7.87"]
[Board "4"]
[White "Fernandes, Luis De Pina"]
[Black "Sihlongonyane, Sikhanyiso"]
[Result "0-1"]
[WhiteElo "1654"]
[BlackElo "1408"]
[WhiteTeam "Cape Verde"]
[BlackTeam "Swaziland"]
[WhiteFideId "23600179"]
[BlackFideId "20700784"]
[EventDate "2018.09.24"]

1. e4 c5 2. Nf3 d6 3. Bb5+ Nd7 4. d4 cxd4 5. Nxd4 Nf6 6. Nc3 e6 7. O-O Be7 8.
Be3 O-O 9. f3 a6 10. Be2 Qc7 11. Qd2 b5 12. a3 Bb7 13. Rac1 Rac8 14. Na2 d5 15.
Bd3 dxe4 16. fxe4 Bxe4 17. Bxe4 Nxe4 18. Qe2 Ndf6 19. c4 bxc4 20. Nc3 Nxc3 21.
Rxc3 Nd5 22. Rc2 Nxe3 23. Qxe3 Bc5 24. Qc3 e5 25. Kh1 Bxd4 26. Qf3 Qc6 27. Qxc6
Rxc6 28. Rfc1 Rfc8 29. b3 c3 30. b4 Rc4 31. g3 f5 32. Kg2 Kf7 33. Rf1 Ke6 34.
Kf3 g5 35. g4 e4+ 36. Kg3 f4+ 37. Kg2 Ke5 38. h4 gxh4 39. Rh1 f3+ 40. Kf1 e3 41.
Rxh4 e2+ 42. Ke1 Be3 43. Rxe2 fxe2 44. Kxe2 c2 45. Rh5+ Kd4 46. g5 c1=Q 0-1

[Event "Olimpiade 2018 - Open"]
[Site "Batumi"]
[Date "02.10.2018"]
[Round "8.12"]
[Board "3"]
[White "Tran, Tuan Minh"]
[Black "Kazhgaleyev, Murtas"]
[Result "0-1"]
[WhiteTitle "GM"]
[BlackTitle "GM"]
[WhiteElo "2491"]
[BlackElo "2582"]
[WhiteTeam "Vietnam"]
[BlackTeam "Kazakhstan"]
[WhiteFideId "12401820"]
[BlackFideId "13700316"]
[EventDate "2018.09.24"]

1. d4 Nf6 2. c4 g6 3. Nc3 Bg7 4. e4 d6 5. Be2 O-O 6. Be3 c6 7. Nf3 e5 8. d5 Ng4
9. Bg5 f6 10. Bh4 Nh6 11. O-O c5 12. a3 Na6 13. Ne1 Bd7 14. Nd3 g5 15. Bg3 Qe7
16. Re1 b6 17. Qd2 f5 18. exf5 Nxf5 19. Bg4 Nd4 20. Bxd7 Qxd7 21. Qxg5 Nc2 22.
Rac1 Nxe1 23. Rxe1 Rf5 24. Qd2 Nc7 25. b4 Raf8 26. f3 Ne8 27. Nf2 Qf7 28. Nfe4
Qg6 29. bxc5 bxc5 30. Rb1 Bh6 31. Qd3 Bf4 32. Rb8 Ng7 33. Qb1 Be3+ 34. Kf1 Bd4
35. Ne2 Rf7 36. Nxd4 cxd4 37. Bf2 Nf5 38. Rb3 Rg7 39. g3 Qh5 40. g4 Qh3+ 41. Ke2
Ne3 42. Nf6+ Kh8 43. Rb8 Rf7 44. g5 Ng2 45. Bg3 Nf4+ 46. Ke1 d3 47. Rxf8+ Rxf8
48. Qb7 d2+ 49. Kxd2 Qg2+ 50. Kc1 Qf1+ 51. Kb2 Qe2+ 52. Ka1 Qd3 53. Bxf4 Qxa3+
54. Kb1 Qd3+ 55. Ka1 exf4 56. Qb2 Qf1+ 57. Ka2 Qxc4+ 58. Kb1 Qf1+ 59. Ka2 Qa6+
60. Kb1 Qb6 61. Qxb6 axb6 62. Ne4 Rf5 63. h4 Rxd5 64. h5 Kg7 65. Kc2 Re5 66. Kd3
d5 0-1

[Event "Olimpiade 2018 - Open"]
[Site "Batumi"]
[Date "02.10.2018"]
[Round "8.25"]
[Board "2"]
[White "Flores, Diego"]
[Black "Vazquez, Guillermo"]
[Result "1-0"]
[WhiteTitle "GM"]
[BlackTitle "IM"]
[WhiteElo "2621"]
[BlackElo "2468"]
[WhiteTeam "Argentina"]
[BlackTeam "Paraguay"]
[WhiteFideId "108049"]
[BlackFideId "3702308"]
[EventDate "2018.09.24"]

1. d4 Nf6 2. c4 e6 3. Nc3 Bb4 4. e3 O-O 5. Ne2 d5 6. a3 Be7 7. cxd5 Nxd5 8. g3
Nxc3 9. Nxc3 c5 10. dxc5 Qxd1+ 11. Kxd1 Bxc5 12. Bg2 Nd7 13. Kc2 Nf6 14. h3 Rb8
15. Rd1 b5 16. g4 h6 17. b4 Be7 18. Bb2 Bb7 19. Bxb7 Rxb7 20. Kb3 a6 21. Rac1
Rd8 22. Rxd8+ Bxd8 23. Rd1 Be7 24. f4 Rc7 25. g5 hxg5 26. fxg5 Nd7 27. Ne4 Nb6
28. Be5 Rc4 29. Bd4 Nd5 30. Nd2 Rc6 31. Nf3 f6 32. g6 Kf8 33. h4 a5 34. bxa5 Bd8
35. e4 Ne7 36. Bc3 Ke8 37. h5 e5 38. Bb4 Ra6 39. Nh4 Ra7 40. Bc5 Ra6 41. Rg1 1-0

[Event "Olimpiade 2018 - Open"]
[Site "Batumi"]
[Date "02.10.2018"]
[Round "8.41"]
[Board "1"]
[White "Kayonde, Andrew"]
[Black "Lorne, Ras Malaku"]
[Result "1-0"]
[WhiteTitle "IM"]
[BlackTitle "FM"]
[WhiteElo "2393"]
[BlackElo "2161"]
[WhiteTeam "Zambia"]
[BlackTeam "Jamaica"]
[WhiteFideId "8700281"]
[BlackFideId "7400330"]
[EventDate "2018.09.24"]

1. d4 Nf6 2. c4 e6 3. Nc3 Bb4 4. e3 O-O 5. Ne2 d5 6. a3 Be7 7. cxd5 exd5 8. Nf4
Re8 9. Bd3 c6 10. O-O Nbd7 11. f3 Nf8 12. Kh1 Bd6 13. Bc2 Ne6 14. Nxe6 Bxe6 15.
e4 dxe4 16. fxe4 Ng4 17. e5 Qh4 18. Bf4 Bc7 19. Ne4 f5 20. Ng5 Nf2+ 21. Rxf2
Qxf2 22. Bg3 Qe3 23. Qh5 h6 24. Nxe6 Rxe6 25. Qxf5 Rae8 26. Rf1 g6 27. Qf7+ Kh8
28. Bxg6 R6e7 29. Qf6+ Kg8 30. Bf7+ Kh7 31. Qg6+ 1-0

[Event "Olimpiade 2018 - Open"]
[Site "Batumi"]
[Date "02.10.2018"]
[Round "8.41"]
[Board "4"]
[White "Christie, Joshua"]
[Black "Mulenga, Prince Daniel"]
[Result "0-1"]
[WhiteTitle "FM"]
[WhiteElo "2198"]
[BlackElo "2237"]
[WhiteTeam "Jamaica"]
[BlackTeam "Zambia"]
[WhiteFideId "7402074"]
[BlackFideId "8701776"]
[EventDate "2018.09.24"]

1. d4 Nf6 2. c4 e6 3. Nc3 Bb4 4. e3 O-O 5. Ne2 Re8 6. a3 Bf8 7. Ng3 d5 8. Bd3
Nbd7 9. O-O c5 10. cxd5 exd5 11. dxc5 Nxc5 12. Bb5 Bg4 13. Qc2 Re7 14. h3 Be6
15. Rd1 Rc8 16. Nf5 Rec7 17. Nd4 Nce4 18. Bd2 Nxc3 19. Bxc3 Ne4 20. Bd3 Nxc3 21.
Bxh7+ Kh8 22. Nxe6 fxe6 23. bxc3 Rxc3 24. Qg6 Qh4 25. Bg8 Kxg8 26. Qxe6+ Kh8 27.
Rxd5 Qh6 28. Qg4 Kg8 29. Rad1 Rc1 30. Kh2 Rxd1 31. Qxd1 Qe6 32. Rd7 Rc7 33. Rd8
Rf7 34. Kg1 b5 35. Qd4 Qa2 36. e4 Qxa3 37. e5 Qc1+ 38. Kh2 Qf4+ 39. Qxf4 Rxf4
40. Kg3 Re4 41. f4 b4 42. Kf3 Rc4 43. e6 Rc7 44. Rb8 a5 45. f5 a4 46. g4 a3 47.
g5 a2 48. Ra8 Rc3+ 49. Kg4 Ra3 50. Rd8 a1=Q 51. e7 Qg1+ 52. Kh5 Rxh3+ 53. Kg6
Rh6# 0-1

[Event "Olimpiade 2018 - Open"]
[Site "Batumi"]
[Date "02.10.2018"]
[Round "8.47"]
[Board "3"]
[White "Kassis, Antoine LIB"]
[Black "Lee, Qing Aun"]
[Result "0-1"]
[WhiteTitle "FM"]
[BlackTitle "FM"]
[WhiteElo "2173"]
[BlackElo "2297"]
[WhiteTeam "Lebanon"]
[BlackTeam "Singapore"]
[WhiteFideId "5300150"]
[BlackFideId "5804167"]
[EventDate "2018.09.24"]

1. e4 e6 2. d4 d5 3. Nc3 Bb4 4. exd5 exd5 5. Qf3 Ne7 6. Bd3 Nbc6 7. Ne2 Be6 8.
a3 Bxc3+ 9. bxc3 Qd7 10. O-O O-O-O 11. Nf4 Bg4 12. Qg3 h5 13. f3 Bf5 14. Qxg7
Bxd3 15. Nxd3 Nf5 16. Qf6 b6 17. Re1 Rhg8 18. Ne5 Nxe5 19. Rxe5 Nd6 20. Rxh5 Qa4
21. Bg5 Rde8 22. Rc1 Qxa3 23. Bd2 Re2 24. Rg5 Rge8 25. Qf4 Nc4 26. Qxf7 Nxd2 27.
Rd1 Qxc3 28. Qf5+ Kb8 29. Qd3 Qxd3 30. cxd3 a5 31. h4 a4 32. Rxd5 a3 0-1

[Event "Olimpiade 2018 - Open"]
[Site "Batumi"]
[Date "02.10.2018"]
[Round "8.53"]
[Board "4"]
[White "Al Kathiri, Salim Said"]
[Black "Karimov, Alisher"]
[Result "0-1"]
[WhiteElo "1773"]
[BlackElo "2182"]
[WhiteTeam "Oman"]
[BlackTeam "Tajikistan"]
[WhiteFideId "22000526"]
[BlackFideId "14700280"]
[EventDate "2018.09.24"]

1. e4 c5 2. Nf3 a6 3. d4 cxd4 4. Nxd4 Nf6 5. Nc3 e5 6. Nb3 Bb4 7. Be2 Nxe4 8.
Qd3 Nxc3 9. bxc3 Be7 10. Qg3 O-O 11. O-O Nc6 12. Bh6 Bf6 13. Nc5 Ne7 14. Be3 d5
15. Bg4 Ng6 16. Qh3 Bg5 17. Bxc8 Rxc8 18. Nd7 Re8 19. f4 Nxf4 20. Bxf4 Bxf4 21.
Rfd1 d4 22. cxd4 exd4 23. Rf1 Be3+ 24. Kh1 Rc7 25. Nb6 d3 26. Nc4 Rxc4 27. cxd3
Rc7 28. d4 Rd7 29. Rae1 Rde7 30. Qf3 Qxd4 31. Rd1 Qe4 32. Qxe4 Rxe4 33. Rd7 R4e7
34. Rd3 Bc5 35. g3 Re1 36. Rf3 Rxf1+ 37. Rxf1 Re2 38. Rc1 Bf8 39. a4 b5 40. axb5
axb5 41. Kg1 b4 42. h4 b3 0-1

[Event "Olimpiade 2018 - Open"]
[Site "Batumi"]
[Date "02.10.2018"]
[Round "8.64"]
[Board "4"]
[White "Liu, Yeh Yang"]
[Black "Stetsenko, Ilya"]
[Result "1-0"]
[WhiteElo "1926"]
[BlackElo "1441"]
[WhiteTeam "Chinese Taipei"]
[BlackTeam "Aruba"]
[WhiteFideId "16300416"]
[BlackFideId "15900762"]
[EventDate "2018.09.24"]

1. e4 e6 2. d4 d5 3. Nc3 Nf6 4. Bg5 Bb4 5. e5 h6 6. Be3 Ne4 7. Ne2 Nxc3 8. Nxc3
Bxc3+ 9. bxc3 c5 10. dxc5 Qa5 11. Bd4 Nd7 12. Qg4 Kf8 13. Bd3 Nxc5 14. O-O b6
15. f4 Ba6 16. Rf3 Bxd3 17. cxd3 g6 18. Qh4 Na4 19. Qf6 Rg8 20. f5 gxf5 21. Rxf5 1-0

[Event "Olimpiade 2018 - Open"]
[Site "Batumi"]
[Date "02.10.2018"]
[Round "8.65"]
[Board "3"]
[White "Ho In Hei, Henry"]
[Black "Pleasants, Allan J"]
[Result "1-0"]
[WhiteElo "1797"]
[BlackElo "2090"]
[WhiteTeam "Hong Kong"]
[BlackTeam "Wales"]
[WhiteFideId "6002552"]
[BlackFideId "411337"]
[EventDate "2018.09.24"]

1. Nf3 g6 2. b4 Bg7 3. d4 Nf6 4. e3 O-O 5. c4 d6 6. Bb2 c6 7. Be2 Nbd7 8. O-O
Ne4 9. Nbd2 Ndf6 10. Qb3 Bg4 11. Bd3 Nxd2 12. Nxd2 a5 13. a4 axb4 14. f3 Be6 15.
Qxb4 c5 16. Qa3 cxd4 17. Bxd4 Bd7 18. a5 Bc6 19. Rfd1 Nd7 20. Bxg7 Kxg7 21. Be4
Qc7 22. Qb4 Rfc8 23. Rdc1 Nc5 24. Bd5 e6 25. Bxc6 Qxc6 26. Nb3 Nxb3 27. Qxb3 Ra6
28. Kf2 Rc7 29. Qb2+ e5 30. c5 f6 31. cxd6 Qxd6 32. Rd1 Qe7 33. Qb5 Rac6 34. Rd2
Rc2 35. Rd1 Rxd2+ 36. Rxd2 Qf7 37. Qb6 Re7 38. e4 Rc7 39. h4 h5 40. Rd6 Re7 41.
Kg3 Rc7 42. Rxf6 Qxf6 43. Qxc7+ Kh6 44. Qc1+ Kh7 45. Qd2 Qf8 46. Qd7+ Kh6 47.
Qxb7 Qf4+ 48. Kh3 Qc1 49. Qb4 g5 50. Qd6+ Kh7 51. Qe7+ 1-0

[Event "Olimpiade 2018 - Open"]
[Site "Batumi"]
[Date "02.10.2018"]
[Round "8.70"]
[Board "3"]
[White "Mooney, Graham"]
[Black "Mohamed, Faisal"]
[Result "0-1"]
[WhiteElo "1892"]
[BlackElo "2127"]
[WhiteTeam "Jersey"]
[BlackTeam "Sudan"]
[WhiteFideId "15600106"]
[BlackFideId "12202606"]
[EventDate "2018.09.24"]

1. e4 c5 2. Nf3 Nc6 3. d4 cxd4 4. Nxd4 g6 5. Nc3 Bg7 6. Be3 Nf6 7. Bc4 d6 8. h3
O-O 9. O-O Bd7 10. Bb3 Rc8 11. Qd2 Na5 12. Rfe1 a6 13. Bh6 Nc4 14. Bxc4 Rxc4 15.
Bxg7 Kxg7 16. b3 Rc5 17. Re3 e5 18. Nf3 Qc7 19. Ne1 Be6 20. Na4 Rc6 21. c4 b5
22. cxb5 axb5 23. Nb2 d5 24. exd5 Nxd5 25. Rg3 Nf4 26. Rd1 b4 27. Nbd3 Rd8 28.
Qb2 Rc3 29. Rd2 Qd6 30. Re3 Bf5 31. Kh1 Nxd3 32. Nxd3 Bxd3 33. f4 Qd4 34. Rxe5
Qxf4 35. Re1 Rd4 36. a3 Be4 37. Rf2 Rxh3+ 38. Kg1 Qh2+ 39. Kf1 Bd3+ 40. Rfe2 Rh4 0-1

[Event "Olimpiade 2018 - Open"]
[Site "Batumi"]
[Date "03.10.2018"]
[Round "9.18"]
[Board "3"]
[White "Mastrovasilis, Dimitrios"]
[Black "Yakubboev, Nodirbek"]
[Result "1/2-1/2"]
[WhiteTitle "GM"]
[BlackTitle "IM"]
[WhiteElo "2594"]
[BlackElo "2521"]
[WhiteTeam "Greece"]
[BlackTeam "Uzbekistan"]
[WhiteFideId "4202694"]
[BlackFideId "14203987"]
[EventDate "2018.09.24"]

1. e4 e5 2. Nc3 Nf6 3. d4 d6 4. dxe5 dxe5 5. Qxd8+ Kxd8 6. Bc4 Bb4 7. Bxf7 Rf8
8. Bb3 Nxe4 9. Ne2 Bf5 10. Be3 Nd7 11. O-O-O Nxc3 12. Nxc3 c6 13. Ne2 Kc7 14.
Ng3 Bg6 15. c3 Be7 16. Bc2 Bxc2 17. Kxc2 Nf6 18. Rhe1 Nd5 19. Ne4 Rad8 20. Rd3
h6 21. Bd2 b6 22. a3 Bh4 23. c4 Nf6 24. Rxd8 Kxd8 25. g3 Nxe4 26. Rxe4 Be7 27.
Be3 Bf6 28. a4 Kd7 29. a5 Bg5 30. Bxg5 hxg5 31. Rxe5 Rxf2+ 32. Kb3 Rxh2 33. Rxg5
Rg2 34. a6 b5 35. Rxg7+ Kd6 36. cxb5 cxb5 37. Kc3 Kc5 38. b4+ Kd5 39. Kd3 Ra2
40. Rg5+ Ke6 41. Kd4 Kf6 42. Rxb5 Rxa6 43. Kc5 Re6 44. Rb7 Ra6 45. Rb5 Re6 46.
Rb7 Ra6 47. Rc7 Kf5 48. Kb5 Ra3 49. Kc4 Kg4 50. Rg7+ Kf5 51. Kb5 a6+ 52. Kc4 Ra1
53. Rd7 Kg4 54. Rd3 Ra4 55. Kb3 Ra1 56. Rc3 Kh3 57. Kb2 Ra4 58. Kb3 Ra1 59. Kc4
Ra4 60. Kc5 Kg4 61. Rd3 Kh3 62. Rb3 Kg4 63. Rb1 Kxg3 64. Kc4 a5 65. Kb5 Rxb4+
66. Rxb4 axb4 67. Kxb4 1/2-1/2

[Event "Olimpiade 2018 - Open"]
[Site "Batumi"]
[Date "03.10.2018"]
[Round "9.46"]
[Board "1"]
[White "Lama, Himal"]
[Black "Ssegwanyi, Arthur"]
[Result "0-1"]
[WhiteTitle "CM"]
[BlackTitle "IM"]
[WhiteElo "2057"]
[BlackElo "2347"]
[WhiteTeam "Nepal"]
[BlackTeam "Uganda"]
[WhiteFideId "12303143"]
[BlackFideId "10000100"]
[EventDate "2018.09.24"]

1. e4 c5 2. Nf3 d6 3. Bb5+ Nc6 4. d4 cxd4 5. Nxd4 Bd7 6. O-O Nf6 7. Nc3 g6 8.
Re1 Bg7 9. Bxc6 bxc6 10. h3 O-O 11. Bg5 h6 12. Bh4 Qb6 13. Qd2 Rfd8 14. a3 a5
15. Kh1 g5 16. Bg3 Nh5 17. Nde2 Nxg3+ 18. fxg3 d5 19. exd5 Be6 20. Na4 Qa7 21.
c4 cxd5 22. c5 d4 23. Nb6 Rab8 24. b4 d3 25. Nc3 Qc7 26. Rac1 axb4 27. axb4 Qxg3
28. Re3 Qf4 29. Nb1 Be5 30. g3 Qf5 31. g4 Qf4 32. Rce1 Bc7 33. Kg1 Rxb6 34. Rf1
Qd4 35. cxb6 Bxb6 36. Re1 Qf4 37. Nc3 Qxb4 38. Kf1 Qf4+ 39. Kg2 Bc8 40. Nd1 Bb7+ 0-1